LEADER 00716nam a2200217 i 4500 001 000000169428 003 CaOOAMICUS 005 20080219000000.0 008 080219s1983 it u000 u ita u 013 $a146831 040 $aSeMil$bita 100 1 $aStocchetti, Agostino.$0(OLS)http://semarc/name/8582 245 10$a1. 300 $aVII, 234 p. 500 $aFondo Card. Giovanni Colombo. 773 0 $aStocchetti, Agostino$tSaggi e profili.$bEd. fuori commercio.$dMilano : [s.n.], 1983$w()19206 850 $aSeMil 852 $aSeMil$W1$xVenegono$y1$m1O VI 238$j236551$B120362$CSeMilBibl$Z2$F131845 $81 941 1 $a3 961 $aLascito: Colombo Card. Giovanni 996 $6245$a1$9(OLS)http://semarc/title/6508 LEADER 01100nam a2200265 i 4500 001 000000107504 003 CaOOAMICUS 005 20161025000000.0 008 161025s1998 it u000 u ita u 013 $a79765 020 $a88-7989-378-5 040 $aSeMil$bita 100 1 $aCassese, Sabino,$d<1935- >.$0(OLS)http://semarc/name/29995 245 13$aLo stato introvabile :$bmodernità e arretratezza delle istituzioni italiane /$cSabino Cassese. 260 $aRoma :$bDonzelli,$c1998. 300 $a91 p. ;$c17 cm. 490 0 $aSaggine ;$v32 650 4$aAmministrazione pubblica.$0(OLS)http://semarc/subject/6658 830 0$aSaggine ;$v32.$0(OLS)http://semarc/title/16551 850 $aSeMil 852 $aSeMil$W1$xVenegono$y1$m3L I 109$j63600$B63600$CSeMilBibl$Z2$F214502 $81 961 $aOmaggio: Giudici Ecc. Giovanni 996 $6020$a88-7989-378-5$9(OLS)http://semarc/number/88547 996 $6245$aLo stato introvabile :$bmodernità e arretratezza delle istituzioni italiane$9(OLS)http://semarc/title/156077 996 $6260$aRoma :$bDonzelli$9(OLS)http://semarc/publisher/31453